| 000 | 00000nas 2200000za 4500 |
| 001 | 9.817888 |
| 003 | CaOODSP |
| 005 | 20221107142601 |
| 007 | cr ||||||||||| |
| 008 | 160518d19711985onc x p oss f000#b0fre|d |
| 022 | |y0702-8121 |
| 040 | |aCaOODSP|bfre |
| 041 | |aeng|afre |
| 043 | |an-cn--- |
| 086 | 1 |aCS53-006-PDF |
| 245 | 00|aRoad transport |h[ressource électronique] = |bTransport routier. |
| 246 | 11|aTransport routier |
| 260 | |a[Ottawa] : |bDominion Bureau of Statistics, Transportation and Public Utilities Division = Bureau fédéral de la statistique, Division des transports et des services d'utilité publique, |c[1971?]-1985. |
| 310 | |aIrrégulier |
| 362 | 0 |aVol. 1, no. 1-v. 14, no. 3. |
| 490 | 0 |aService bulletin = Bulletin de service |
| 500 | |aÉdition numérisée de l’imprimé [par Statistique Canada]. |
| 515 | |aChaque livraison à un titre distinct. |
| 546 | |aTexte en anglais et en français. |
| 550 | |aPublié v. 10, no 1-v. 14, no 3 par la Division des transports et des communications. |
| 580 | |aFusionné avec : Railway transport (Service bulletin); et, Water transport, et devient : Surface and marine transport. |
| 692 | 07|2gccst|aTransport routier |
| 692 | 07|2gccst|aIndustrie du camionnage |
| 710 | 1 |aCanada.|bBureau fédéral de la statistique.|bDivision des transports et des services d'utilité publique. |
| 710 | 2 |aStatistique Canada.|bDivision des transports et des communications. |
| 785 | 00|tSurface and marine transport |w(CaOODSP)9.815990 |
| 791 | |tRoad transport |eeng|w(CaOODSP)9.817884 |